<?xml version="1.0" encoding="UTF-8"?>
<record
    xmlns:xsi="http://www.w3.org/2001/XMLSchema-instance"
    xsi:schemaLocation="http://www.loc.gov/MARC21/slim http://www.loc.gov/standards/marcxml/schema/MARC21slim.xsd"
    xmlns="http://www.loc.gov/MARC21/slim">

  <leader>00685nam a2200181Ia 4500</leader>
  <controlfield tag="003">LK-CoDNM</controlfield>
  <controlfield tag="008">010623t2009    xxu||||| |||| 00| 1 eng d</controlfield>
  <datafield tag="040" ind1=" " ind2=" ">
    <subfield code="a">LK-CoDNM</subfield>
    <subfield code="d">LK-CoDNM</subfield>
    <subfield code="e">LK-CoDNM</subfield>
  </datafield>
  <datafield tag="041" ind1=" " ind2=" ">
    <subfield code="a">eng</subfield>
    <subfield code="a">sin</subfield>
  </datafield>
  <datafield tag="080" ind1=" " ind2=" ">
    <subfield code="a">030.8</subfield>
    <subfield code="b">WIC</subfield>
  </datafield>
  <datafield tag="100" ind1=" " ind2=" ">
    <subfield code="a">Wickramasinghe,Wimal.</subfield>
  </datafield>
  <datafield tag="245" ind1=" " ind2=" ">
    <subfield code="a">&#xDC3;&#xDC0;&#xDD2;&#xDC3;&#xDCA;&#xDAD;&#xDBB;&#xDCF;&#xDAD;&#xDCA;&#xDB8;&#xD9A; &#xDBB;&#xD9A;&#xDCA;&#x200D;&#xDC2;&#xDAB; &#xDB4;&#xDAF;&#xDBA;&#xDD9;&#xDAF;&#xDD4;&#xDB8;&#xDCA; &#xDB4;&#xDD2;&#xDC5;&#xDD2;&#xDB6;&#xDB3; &#xDC1;&#xDCA;&#x200D;&#xDBB;&#xDD2; &#xDBD;&#xDCF;&#xD82;&#xD9A;&#xDD3;&#xDBA; &#xDB7;&#xDB6;&#xDCA;&#xDAF;&#xD9A;&#xDDD;&#xDC2;&#xDBA;</subfield>
  </datafield>
  <datafield tag="246" ind1=" " ind2=" ">
    <subfield code="a">Sri Lankan Dictionary of Expanded Insurance Terms(English and Sinhala)</subfield>
  </datafield>
  <datafield tag="260" ind1=" " ind2=" ">
    <subfield code="b">Wimal Wickramasinghe</subfield>
    <subfield code="c">2009</subfield>
  </datafield>
  <datafield tag="300" ind1=" " ind2=" ">
    <subfield code="b">v,290p., 22   100:  978-955-50402-2-8 cm</subfield>
  </datafield>
  <datafield tag="650" ind1=" " ind2=" ">
    <subfield code="a">Insurance Dictionary</subfield>
  </datafield>
  <datafield tag="942" ind1=" " ind2=" ">
    <subfield code="c">BK</subfield>
  </datafield>
  <datafield tag="952" ind1=" " ind2=" ">
    <subfield code="0">0</subfield>
    <subfield code="1">0</subfield>
    <subfield code="4">0</subfield>
    <subfield code="7">0</subfield>
    <subfield code="8">MONO</subfield>
    <subfield code="a">MAIN</subfield>
    <subfield code="b">MAIN</subfield>
    <subfield code="d">2023-08-02</subfield>
    <subfield code="l">0</subfield>
    <subfield code="o">030.8 WIC</subfield>
    <subfield code="p">151163</subfield>
    <subfield code="r">2023-08-02</subfield>
    <subfield code="w">2023-08-02</subfield>
    <subfield code="y">BK</subfield>
  </datafield>
  <datafield tag="999" ind1=" " ind2=" ">
    <subfield code="c">129227</subfield>
    <subfield code="d">129227</subfield>
  </datafield>
</record>
